000 00306nam a2200109Ia 4500
082 _a303.60968 PREV
245 0 _aFranchi,Vije
100 _aPrevention and invertion practise in post Apartheid South Africa
_918919
942 _cBK
020 _a9780789021045"
008 210816s9999 xx 000 0 und d
999 _c85195
_d85195